00444nam a22001577a 450000500170000001000150001702000260003203500140005803700090007208200100008110000280009124500440011926000380016327000650020130000200026620241127155244.0 aENG-142660 a9789350571996c250.00 aEN-126192 bDBAD a133.6 aShukla, Ramesh Chandra  aFace Reading/cBy Ramesh Chandra Shukla aNew DelhibV & S Publishersc2019 aF-2/16, Ansari road, Daryaganj, New DelhibNew Delhie110002 a101p.c21cm(pb)